00000000nam##2200000za#4500
0019.572618
003CaOODSP
00520220111083117
007cr |||||||||||
008150406|2001||||xxc|||||o    f|0| 0 eng|d
022 |a1928-6414
040 |aCaOODSP|beng
043 |an-cn---
0861 |aNE22-1/2001-3E-PDF
1101 |aCanada. |bNational Energy Board.
24510|aReasons for decision in the matter of Enbridge Pipelines Inc. : |h[electronic resource]|bTerrace Expansion Program Phase II
2461 |iVariant title : |aEnbridge Pipelines Inc.
260 |aCalgary - Alberta : |bNational Energy Board |cMay 2001.
300 |a41p.|bfigs. (some coloured), map, tables
4901 |aReasons for decision|x1928-6414|vOH-1-2000
500 |aThe catalogue number (NE22-1/2001-3E) and ISBN (0-662-30423-3) for the print edition have been incorrectly copied in this electronic publication.
590 |a12-10-Supp|b2012-03-23
77508|tMotifs de décision relativement à Enbridge Pipelines Inc. : |w(CaOODSP)9.602963
7760#|tEnbridge Pipelines Inc. : |w(CaOODSP)9.615579
830#0|aReasons for decision (Canada. National Energy Board)|x1928-6414|vOH-1-2000|w(CaOODSP)9.504480
85640|ahttp://publications.gc.ca|qPDF|s1.60 MB|uhttps://publications.gc.ca/collections/Collection/NE22-1-2001-3E.pdf|yOH-1-2000